000 00565nam a22001697a 4500
003 UA-OsUOA
001 19173
007 ta
008 20040721b un ||||| |||| 00| 0 ukr d
942 _cSA
040 _aUA-OsUOA
_cUA-OsUOA
_dUA-OsUOA
245 _aКожен вірш - це біль
_b[До 50- річчя від дня народження письменника М. Пшеничного]
300 _aС.6
955 _a0
773 0 _w0
_tВісті Рівненщини
_dРівне
_d2004
_g№66/16 лип./
650 7 _aКраєзнавча робота
_2UDC
999 _c305344
_d305344